A DIGITÁLIS MARKETING, MINT A FENNTARTHATÓ TURIZMUS ÖSZTÖNZŐJE SZISZTEMATIKUS SZAKIRODALMI ÁTTEKINTÉS

Bibliográfiai részletek
Szerzők: Ebrahim Aman Eliyas
Papp-Váry Árpád
Dokumentumtípus: Cikk
Megjelent: Budapesti Gazdasági Egyetem 2022-12-31
Sorozat:Multidiszciplináris Kihívások, Sokszínű Válaszok 2022 No. 2
Tárgyszavak:
mtmt:https://doi.org/10.33565/MKSV.2022.02.01
Kulcsszavak:Digitális turizmus
Fenntartható turizmusfejlesztés
Digitális platform
Online Access:http://publikaciotar.uni-bge.hu/2537

MARC

LEADER 00000nab a2200000 i 4500
001 publ2537
005 20260306115422.0
008 260306s2022 hu o 000 zxx d
022 |a 2630-886X 
024 |a https://doi.org/10.33565/MKSV.2022.02.01  |2 doi 
040 |a BGE Publikációtár Repozitórium  |b hun 
100 1 |a Ebrahim Aman Eliyas 
245 1 2 |a A DIGITÁLIS MARKETING, MINT A FENNTARTHATÓ TURIZMUS ÖSZTÖNZŐJE  |b SZISZTEMATIKUS SZAKIRODALMI ÁTTEKINTÉS  |c Ebrahim Aman Eliyas  |h [elektronikus dokumentum] 
260 |a Budapesti Gazdasági Egyetem  |c 2022-12-31 
300 |a 4-34 
490 0 |a Multidiszciplináris Kihívások, Sokszínű Válaszok  |v 2022 No. 2 
520 3 |a Az elmúlt években kiemelkedően fontos témává vált a digtális marketing fogalma a turizmusban és a marketing kutatásokban egyaránt. Hiányoznak azonban azoknak az elméleti alapokon nyugvó kutatások, amelyek rávilágítanának arra, hogy milyen módon tudná a turizmus szektor alkalmazni a digitális marketing eszköztárát a turizmus fenntartható fejlődésének elősegítésére. Ezt szem előtt tartva jelen írás szerzői szisztematikus szakirodalmi áttekintést (SLR – Systematic Literature Review) végeztek, 2015 és 2021 között a Scopus és a Web of Science adatbázisokban megjelent 83 folyóiratcikk feldolgozásával. Jelen cikk tehát fontos hozzájárulás a már létező és a jövőben megjelenő digitális marketink eszközök lehetséges használati módjaihoz a turizmusban, különös tekintettel a fenntartható turizmus fejlődésének támogatásában. Továbbá a szerzők egy olyan átfogó, integrált elméleti keretrendszert is létrehoztak, amely a technológia, a marketing és a turizmus kapcsolatát mutatja be és remélhetően inspirálja majd a jövő kutatóit. 
650 4 |a közgazdaságtudományok 
695 |a Digitális turizmus 
695 |a Fenntartható turizmusfejlesztés 
695 |a Digitális platform 
700 1 |a Papp-Váry Árpád  |e aut 
856 4 0 |u https://publikaciotar.uni-bge.hu/id/eprint/2537/1/9168-Article%20Text-44124-1-10-20230121.pdf  |z Dokumentum-elérés